000 00604cam a22002051 4500
001 rc 01001286
003 DLC
005 20260227111903.0
008 781030s1857 tnu 000 0 eng
010 _arc 01001286
035 _a(OCoLC)4331554
040 _aDLC
_cABAU
_dABAU
_dDLC
042 _apremarc
050 0 0 _aF442.2
_b.C31
100 1 _aCarr, John,
_d1773-1857.
245 1 0 _aEarly times in middle Tennessee.
_cBy John Carr.
260 _aNashville, Tenn.,
_bPub. for E. Carr, by E. Stevenson & F. A. Owens,
_c1857.
300 _avi, 7-248 p.
_c16 cm.
651 0 _aTennessee, Middle
_xHistory.
999 _c52053
_d52053